Phân lập và nhận diện vi khuẩn nội sinh trong cây lúa trồng trên đất ở tỉnh Phú Yên : Báo cáo tổng kết đề tài Khoa học Công nghệ cấp trường
Nội dung phân lập và nhận diện các dòng vi khuẩn nội sinh trong cây lúa trồng trên đất ở tỉnh Phú Yên
Gespeichert in:
| 1. Verfasser: | |
|---|---|
| Format: | Buch |
| Sprache: | Undetermined |
| Veröffentlicht: |
Cần Thơ
Trường Đại học Cần Thơ
2012
|
| Schlagworte: | |
| Tags: |
Tag hinzufügen
Keine Tags, Fügen Sie den ersten Tag hinzu!
|
| Thư viện lưu trữ: | Trung tâm Học liệu Trường Đại học Cần Thơ |
|---|
| LEADER | 01033nam a2200229Ia 4500 | ||
|---|---|---|---|
| 001 | CTU_204770 | ||
| 008 | 210402s9999 xx 000 0 und d | ||
| 082 | |a 633.18 | ||
| 082 | |b Nh550 | ||
| 088 | |a TNCS2012-31 | ||
| 100 | |a Văn, Thị Phương Như | ||
| 245 | 0 | |a Phân lập và nhận diện vi khuẩn nội sinh trong cây lúa trồng trên đất ở tỉnh Phú Yên : | |
| 245 | 0 | |b Báo cáo tổng kết đề tài Khoa học Công nghệ cấp trường | |
| 245 | 0 | |c Văn Thị Phương Như (chủ nhiệm đề tài) | |
| 260 | |a Cần Thơ | ||
| 260 | |b Trường Đại học Cần Thơ | ||
| 260 | |c 2012 | ||
| 520 | |a Nội dung phân lập và nhận diện các dòng vi khuẩn nội sinh trong cây lúa trồng trên đất ở tỉnh Phú Yên | ||
| 650 | |a Cây lúa,Rice | ||
| 650 | |x Công nghệ sinh học,Biotechnology | ||
| 904 | |i Qhieu | ||
| 980 | |a Trung tâm Học liệu Trường Đại học Cần Thơ | ||